[Event "COL-chT"]
[Site "Ibague"]
[Date "2017.07.20"]
[Round "4.4"]
[White "Vergara Tao, Juan Camilo"]
[Black "Mercado Fajardo, Elias David"]
[Result "0-1"]
[WhiteElo "1526"]
[BlackElo "1600"]
[PlyCount "38"]
[EventDate "2017.07.19"]
[EventType "team-swiss"]
[EventRounds "6"]
[EventCountry "COL"]
[SourceTitle "CBM 179 Extra"]
[Source "ChessBase"]
[SourceDate "2017.08.23"]
[SourceVersion "1"]
[SourceVersionDate "2017.08.23"]
[SourceQuality "1"]
[WhiteTeam "Tolima IV"]
[BlackTeam "Cordoba"]
[WhiteTeamCountry "COL"]
[BlackTeamCountry "COL"]

1. e4 e6 2. Nf3 d5 3. exd5 exd5 4. d4 Nc6 5. Nc3 Bg4 6. Bb5 Nf6 7. 0-0 Be7 8. Re1 0-0 9. Bxc6 bxc6 10. h3 Bh5 11. g4 Bg6 12. g5 Ne4 13. Ne5 Bd6 14. Nxc6 Qd7 15. Ne5 Qxh3 16. Nxg6 Bh2+ 17. Kh1 Bg3+ 18. Kg1 Qh2+ 19. Kf1 Qxf2# 0-1

[Event "COL-chT"]
[Site "Ibague"]
[Date "2017.07.19"]
[Round "2.4"]
[White "Cuevas Sanchez, Bramdon Daniel"]
[Black "Vergara Tao, Juan Camilo"]
[Result "1-0"]
[WhiteElo "1762"]
[BlackElo "1526"]
[PlyCount "45"]
[EventDate "2017.07.19"]
[EventType "team-swiss"]
[EventRounds "6"]
[EventCountry "COL"]
[SourceTitle "CBM 179 Extra"]
[Source "ChessBase"]
[SourceDate "2017.08.23"]
[SourceVersion "1"]
[SourceVersionDate "2017.08.23"]
[SourceQuality "1"]
[WhiteTeam "Caqueta"]
[BlackTeam "Tolima IV"]
[WhiteTeamCountry "COL"]
[BlackTeamCountry "COL"]

1. e4 c5 2. Nf3 d6 3. d4 cxd4 4. Nxd4 Nf6 5. Nc3 g6 6. f3 Bg7 7. Be3 0-0 8. Qd2 Nc6 9. Bc4 Nxd4 10. Bxd4 e5 11. Be3 Be6 12. Bxe6 fxe6 13. 0-0-0 d5 14. exd5 exd5 15. Nxd5 Qd7 16. Nxf6+ Bxf6 17. Qxd7 Rfd8 18. Qe6+ Kg7 19. Bh6+ Kxh6 20. Qxf6 Rf8 21. Qh4+ Kg7 22. Rd7+ Kg8 23. Qxh7# 1-0

[Event "COL-chT"]
[Site "Ibague"]
[Date "2017.07.19"]
[Round "1.4"]
[White "Vergara Tao, Juan Camilo"]
[Black "Agudelo, Pedro Luis"]
[Result "0-1"]
[WhiteElo "1526"]
[BlackElo "1870"]
[PlyCount "43"]
[EventDate "2017.07.19"]
[EventType "team-swiss"]
[EventRounds "6"]
[EventCountry "COL"]
[SourceTitle "CBM 179 Extra"]
[Source "ChessBase"]
[SourceDate "2017.08.23"]
[SourceVersion "1"]
[SourceVersionDate "2017.08.23"]
[SourceQuality "1"]
[WhiteTeam "Tolima IV"]
[BlackTeam "Cauca"]
[WhiteTeamCountry "COL"]
[BlackTeamCountry "COL"]

1. e4 e5 2. Nf3 Nc6 3. Bc4 Bc5 4. 0-0 Nf6 5. d4 Bxd4 6. Nxd4 Nxd4 7. c3 Nc6 8. Bg5 h6 9. Bxf6 Qxf6 10. Nd2 d6 11. Nf3 Bg4 12. h3 Bxf3 13. Qxf3 Qxf3 14. gxf3 Na5 15. b3 Nxc4 16. bxc4 0-0-0 17. Rfd1 g5 18. c5 dxc5 19. Rxd8+ Rxd8 20. Re1 Rd3 21. Re3 Rxe3 22. fxe3 0-1